书目信息 |
| 题名: |
新课标理念下的数学课堂教学技能
|
|
| 作者: | 王秋海 编著 | |
| 分册: | ||
| 出版信息: | 上海 华东师范大学出版社 2004 |
|
| 页数: | 160页 | |
| 开本: | 21cm | |
| 丛书名: | 新课标实验区数学教师专业发展丛书 | |
| 单 册: | ||
| 中图分类: | G633.602 | |
| 科图分类: | ||
| 主题词: | 教育--各级 | |
| 电子资源: | ||
| ISBN: | 7-5617-3960-5 | |
| 000 | 00904oam2 2200241 450 | |
| 001 | 070027413560 | |
| 005 | 20070111171003.60 | |
| 010 | @a7-5617-3960-5@dCNY8.00 | |
| 100 | @a20050112d2004 ekmy0chiy0120 ea | |
| 101 | 0 | @achi |
| 102 | @aCN@b310000 | |
| 105 | @ay z 000yy | |
| 200 | 1 | @a新课标理念下的数学课堂教学技能@9xin ke biao li nian xia de shu xue ke tang jiao xue ji neng@f王秋海编著@Fwang qiu hai bian zhu |
| 210 | @a上海@c华东师范大学出版社@d2004 | |
| 215 | @a160页@d21cm | |
| 225 | 2 | @a新课标实验区数学教师专业发展丛书 |
| 330 | @a本书立足于新一轮课程改革的数学课程新理念,运用微格教学的课堂教学技能分析方法,以实验区教师的教学实践为案例,系统阐述了数学新课程的六项教学技能。 | |
| 461 | 0 | @12001 @a新课标实验区数学教师专业发展丛书 |
| 606 | 0 | @a教育@x各级 |
| 690 | @aG633.602@v4 | |
| 701 | 0 | @a王秋海@Awang qiu hai@4编著 |
| 801 | 0 | @aCN@bTSSF@c20070111 |
| 905 | @a10447@dG633.602@e326 | |
| 新课标理念下的数学课堂教学技能/王秋海编著.-上海:华东师范大学出版社,2004 |
| 160页;21cm.-(新课标实验区数学教师专业发展丛书) |
| ISBN 7-5617-3960-5:CNY8.00 |
| 本书立足于新一轮课程改革的数学课程新理念,运用微格教学的课堂教学技能分析方法,以实验区教师的教学实践为案例,系统阐述了数学新课程的六项教学技能。 |
| ● |
| 相关链接 |
|
|
|
|
正题名:新课标理念下的数学课堂教学技能
索取号:G633.602/326
 
预约/预借
| 序号 | 登录号 | 条形码 | 馆藏地/架位号 | 状态 | 备注 |
| 1 | 0362278 | 3622789 | 第一样本阅览室/ [索取号:G633.602/326] | 在馆 | |
| 2 | 0362279 | 3622798 | 第四借阅区/ [索取号:G633.602/326] | 在馆 | |
| 3 | 0362280 | 3622805 | 第四借阅区/ [索取号:G633.602/326] | 在馆 | |
| 4 | 0362281 | 3622814 | 第四借阅区/ [索取号:G633.602/326] | 在馆 | |
| 5 | 0362282 | 3622823 | 第四借阅区/ [索取号:G633.602/326] | 在馆 | |
| 6 | 0362283 | 3622832 | 第四借阅区/ [索取号:G633.602/326] | 在馆 | |
| 7 | 0362284 | 3622841 | 第四借阅区/ [索取号:G633.602/326] | 在馆 | |
| 8 | 0362285 | 3622850 | 第四借阅区/ [索取号:G633.602/326] | 在馆 | |
| 9 | 0362286 | 3622869 | 第四借阅区/ [索取号:G633.602/326] | 在馆 | |
| 10 | 0362287 | 3622878 | 第四借阅区/ [索取号:G633.602/326] | 在馆 | |
| 11 | 0604850 | 206048506 | 第四借阅区/ [索取号:G633.602/326] | 在馆 | |
| 12 | 0604851 | 206048515 | 第四借阅区/ [索取号:G633.602/326] | 在馆 | |
| 13 | 0604852 | 206048524 | 第四借阅区/ [索取号:G633.602/326] | 在馆 | |
| 14 | 0604853 | 206048533 | 第四借阅区/ [索取号:G633.602/326] | 在馆 | |
| 15 | 0604854 | 206048542 | 第四借阅区/ [索取号:G633.602/326] | 在馆 | |
| 16 | 0604855 | 206048551 | 第四借阅区/ [索取号:G633.602/326] | 在馆 | |
| 17 | 0604856 | 206048560 | 第四借阅区/ [索取号:G633.602/326] | 在馆 | |
| 18 | 0604857 | 206048579 | 第四借阅区/ [索取号:G633.602/326] | 在馆 | |
| 19 | 0604858 | 206048588 | 第四借阅区/ [索取号:G633.602/326] | 在馆 |